[Event "AUTO-INT-3791"]
[Site "http://www.queenalice.com/game.php?id=1809184"]
[Date "2023.4.3"]
[Round "2"]
[White "cucalegal2"]
[Black "edsonjob"]
[Result "0-1"]
[WhiteElo "1605"]
[BlackElo "1523"]

1. Nf3 c5 2. e4 Nc6 3. c3 e5 4. g3 Nf6 5. d3 Be7 6. Na3 a6 7. Nc4 O-O 8. a3 b5
9. Ncxe5 Nxe5 10. Nxe5 Bd6 11. Ng4 Nxg4 12. Qxg4 g6 13. Bg5 Be7 14. Bh6 Re8 15.
Bg2 Bb7 16. O-O d5 17. e5 Bc8 18. Qf3 Rb8 19. Qxd5 Bg4 20. Qxd8 Rexd8 21. h3 Be2
22. Rfe1 Bxd3 23. e6 f6 24. Rad1 Bf5 25. Rxd8+ Rxd8 26. g4 Bd3 27. Bf3 Bc4 28.
Bb7 a5 29. Bc6 Rd6 30. Be8 b4 31. cxb4 axb4 32. axb4 cxb4 33. Bf7+ Kh8 34. Rc1
Ba6 35. b3 Rd5 36. Ra1 Bb7 37. Ra7 Rd1+ 38. Kh2 Rh1+ 39. Kg3 Bd6+ 40. Kh4 Bg2
41. g5 Rxh3+ 42. Kg4 f5# 0-1

[Event "AUTO-INT-3785"]
[Site "http://www.queenalice.com/game.php?id=1810144"]
[Date "2023.4.18"]
[Round "2"]
[White "Danado"]
[Black "edsonjob"]
[Result "1-0"]
[WhiteElo "1626"]
[BlackElo "1546"]

1. e3 c5 2. Bc4 e6 3. Nc3 Nc6 4. Nf3 d5 5. Bd3 h6 6. Bb5 a6 7. Bxc6+ bxc6 8. d4
Bd6 9. dxc5 Bxc5 10. O-O Nf6 11. h3 Ne4 12. Bd2 Qb6 13. b3 O-O 14. Nxe4 Be7 15.
a3 dxe4 16. Nd4 Bf6 17. c3 c5 18. Ne2 Rd8 19. Rb1 Qa5 20. Ra1 Qc7 21. Qc2 Bb7
22. Rab1 a5 23. Ng3 Rd6 24. c4 Bh4 25. a4 Rad8 26. Rbd1 Qb6 27. Qc3 Rxd2 28.
Rxd2 Qb4 29. Qxb4 axb4 30. Rxd8+ Kh7 31. Rd7 f5 32. Rxb7 Bg5 33. f4 exf3 34.
Rxf3 1-0

[Event "AUTO-INT-3785"]
[Site "http://www.queenalice.com/game.php?id=1810145"]
[Date "2023.4.18"]
[Round "2"]
[White "edsonjob"]
[Black "Danado"]
[Result "0-1"]
[WhiteElo "1560"]
[BlackElo "1599"]

1. c4 e5 2. e4 Bc5 3. Nf3 Nc6 4. Nc3 a6 5. a3 Nf6 6. Bd3 Ng4 7. Qe2 Nxf2 8. Rf1
Nd4 9. Nxd4 Bxd4 10. Nd1 Nxd1 11. Qxd1 Qh4+ 12. g3 Qxh2 13. Qg4 d6 14. Qxg7 Rf8
15. Rb1 h5 16. Qg5 Be6 17. Qh4 Qxh4 18. gxh4 Rg8 19. b4 O-O-O 20. Bb2 Bh3 21.
Rxf7 Rg1+ 22. Ke2 Bg4+ 23. Rf3 Rxb1 24. Bxb1 Bxf3+ 25. Kxf3 Bxb2 26. a4 Rf8+ 27.
Ke2 Ba3 28. b5 axb5 29. axb5 Rf4 0-1

[Event "AUTO-INT-3785"]
[Site "http://www.queenalice.com/game.php?id=1810148"]
[Date "2023.4.18"]
[Round "2"]
[White "edsonjob"]
[Black "Equiferus"]
[Result "0-1"]
[WhiteElo "1533"]
[BlackElo "1760"]

1. c4 d5 2. e3 e5 3. Nf3 Nc6 4. a3 d4 5. d3 Be7 6. e4 Nf6 7. h3 O-O 8. Be2 h6 9.
O-O Be6 10. Nbd2 Qd7 11. Qb3 Rab8 12. Nh4 b5 13. Qd1 b4 14. b3 bxa3 15. Bxa3 a5
16. Bxe7 Qxe7 17. Ndf3 g6 18. Rb1 Rb4 19. Ne1 Rfb8 20. f4 exf4 21. Qc2 Nd7 22.
Nhf3 Nce5 23. Nxd4 Qh4 24. Ndf3 Qg3 25. Kh1 g5 26. Nxe5 Nxe5 27. Nf3 Nxf3 28.
Rxf3 Qh4 29. Bd1 a4 30. Qa2 Bg4 31. Rf1 Bxd1 32. Rfxd1 axb3 33. Qa5 R8b7 34. Qf5
Qf2 35. Qg4 c5 36. Qf3 Qd4 37. Qe2 b2 38. Rd2 Qc3 39. Rc2 Qa3 40. Qh5 Kg7 41.
Qg4 Qxd3 42. Qe2 Qxe2 43. Rxe2 Rxc4 44. Rexb2 Rxb2 45. Rxb2 Rxe4 46. Rf2 Re1+
47. Kh2 Rc1 48. h4 c4 0-1

[Event "AUTO-INT-3785"]
[Site "http://www.queenalice.com/game.php?id=1810149"]
[Date "2023.4.18"]
[Round "2"]
[White "Equiferus"]
[Black "edsonjob"]
[Result "1-0"]
[WhiteElo "1780"]
[BlackElo "1568"]

1. d4 d5 2. Nf3 Nc6 3. e3 h6 4. Be2 Nf6 5. O-O a6 6. c4 Bf5 7. Nbd2 e6 8. c5 Be7
9. a3 O-O 10. b4 Ne4 11. Rb1 Nxd2 12. Bxd2 Bxb1 13. Qxb1 b6 14. a4 b5 15. axb5
axb5 16. Bxb5 Na7 17. Ba6 f5 18. Ne5 Rf6 19. Bb7 Rb8 20. c6 Nxc6 21. Nxc6 g5 22.
Nxd8 Bxd8 23. Bc6 e5 24. Bxd5+ Kg7 25. Bc3 e4 26. f3 Rb5 27. Bc4 Rb8 28. d5 Be7
29. Bxf6+ Bxf6 30. b5 Bd8 31. fxe4 Rb6 32. Rxf5 Rf6 33. e5 Rf7 34. Rxf7+ Kxf7
35. Qf5+ 1-0

[Event "Challenge"]
[Site "http://www.queenalice.com/game.php?id=1813524"]
[Date "2023.6.9"]
[Round "-"]
[White "Leanne"]
[Black "edsonjob"]
[Result "0-1"]
[WhiteElo "1456"]
[BlackElo "1542"]

1. e4 c5 2. Nf3 Nc6 3. d4 e6 4. d5 Nce7 5. Nc3 a6 6. Bd2 Nf6 7. e5 Nfxd5 8. Nxd5
exd5 9. c4 d4 10. Be2 h6 11. O-O Nc6 12. Bf4 g5 13. Bg3 Bg7 14. Qd3 Nb4 15. Qf5
d5 16. Qb1 O-O 17. cxd5 Qxd5 18. a3 Nc6 19. b3 Nxe5 20. Nxe5 Bxe5 21. Bxe5 Qxe5
22. g3 Qxe2 23. Ra2 Bf5 24. Rxe2 Bxb1 25. Rxb1 b5 26. b4 c4 27. Re4 d3 28. Rd4
f5 0-1

[Event "Challenge"]
[Site "http://www.queenalice.com/game.php?id=1813525"]
[Date "2023.6.9"]
[Round "-"]
[White "edsonjob"]
[Black "Leanne"]
[Result "1-0"]
[WhiteElo "1526"]
[BlackElo "1470"]

1. c4 e5 2. Nc3 Nc6 3. e4 Bb4 4. Nf3 Bxc3 5. dxc3 Nf6 6. Bd3 Qe7 7. a3 Ng4 8.
Qe2 h6 9. h3 d6 10. hxg4 Bxg4 11. Be3 a6 12. b4 O-O-O 13. Qb2 Nb8 14. O-O c6 15.
b5 1-0

[Event "AUTO-INT-3882"]
[Site "http://www.queenalice.com/game.php?id=1838829"]
[Date "2024.6.18"]
[Round "1"]
[White "edsonjob"]
[Black "tche_elvio"]
[Result "1-0"]
[WhiteElo "1558"]
[BlackElo "1390"]

1. c4 e5 2. Nc3 g6 3. e4 Bg7 4. Nf3 d6 5. h3 Ne7 6. Be2 c6 7. d3 O-O 8. O-O b6
9. Be3 Bb7 10. a3 Nd7 11. d4 exd4 12. Bxd4 c5 13. Be3 Nc6 14. Qxd6 Bxc3 15. bxc3
h5 16. Qg3 Nde5 17. Rad1 Qc7 18. Bh6 Rfe8 19. Bf4 Rad8 20. Rxd8 Qxd8 21. Bxe5
Nxe5 22. Nxe5 Qf6 23. Nd7 Qxc3 24. Qxc3 Bxe4 25. Nf6+ 1-0

[Event "AUTO-INT-3882"]
[Site "http://www.queenalice.com/game.php?id=1838830"]
[Date "2024.6.18"]
[Round "1"]
[White "tche_elvio"]
[Black "edsonjob"]
[Result "0-1"]
[WhiteElo "1376"]
[BlackElo "1596"]

1. e4 c5 2. Nf3 Nc6 3. d4 e6 4. Bb5 h6 5. c3 Nf6 6. Bxc6 dxc6 7. d5 Nxe4 8. O-O
cxd5 9. Be3 b6 10. Nbd2 f5 11. Ne5 Bd6 12. Nxe4 Bxe5 13. Nd2 d4 14. cxd4 cxd4
15. Nf3 dxe3 16. Qxd8+ Kxd8 17. Rad1+ Kc7 18. Rc1+ Kb7 19. Nxe5 Rd8 20. f4 e2
21. Rfe1 Rd2 22. Nc4 Rd4 23. g3 g5 24. Rxe2 gxf4 25. Rxe6 Bxe6 26. Ne5 Rc8 27.
Rc3 Bxa2 28. gxf4 Rxc3 29. bxc3 Rxf4 30. Kg2 Bc4 0-1

[Event "AUTO-INT-3882"]
[Site "http://www.queenalice.com/game.php?id=1838831"]
[Date "2024.6.18"]
[Round "1"]
[White "edsonjob"]
[Black "eloy"]
[Result "1-0"]
[WhiteElo "1582"]
[BlackElo "1529"]

1. c4 e5 2. Nc3 Nf6 3. e4 Bc5 4. h3 d6 5. Nf3 Nc6 6. a3 a6 7. Be2 Be6 8. O-O d5
9. d3 dxc4 10. dxc4 h6 11. Be3 Bxe3 12. fxe3 Qxd1 13. Rfxd1 1-0

[Event "AUTO-INT-3882"]
[Site "http://www.queenalice.com/game.php?id=1838832"]
[Date "2024.6.18"]
[Round "1"]
[White "eloy"]
[Black "edsonjob"]
[Result "0-1"]
[WhiteElo "1544"]
[BlackElo "1567"]

1. e4 c5 2. Nf3 Nc6 3. Bc4 e6 4. d3 h6 5. Nc3 a6 6. Bf4 d6 7. a3 Be7 8. e5 d5 9.
Bb3 g5 10. Bg3 f6 11. Ba4 Bd7 12. O-O fxe5 13. Bxc6 Bxc6 0-1

[Event "AUTO-INT-3882"]
[Site "http://www.queenalice.com/game.php?id=1838833"]
[Date "2024.6.18"]
[Round "1"]
[White "edsonjob"]
[Black "Erlofabr"]
[Result "1-0"]
[WhiteElo "1603"]
[BlackElo "1674"]

1. c4 b6 2. Nc3 e6 3. a3 Nf6 4. e4 e5 5. h3 Nc6 6. Nf3 Bc5 7. d3 d5 8. cxd5 Ne7
9. Nxe5 Bd4 10. Nxf7 Kxf7 11. Qb3 Nexd5 12. exd5 Re8+ 13. Be2 Bb7 14. d6+ Re6
15. Nb5 Bxg2 16. Rg1 Bf3 17. Nxc7 Qxc7 18. dxc7 Bxe2 19. Qc4 Bxd3+ 20. Qxe6+
Kxe6 21. Be3 Bxb2 22. Ra2 Bc3+ 23. Bd2 Bb1 24. Bxc3 Bxa2 25. Rxg7 Ne4 26. Ba1
Kd6 27. Rxh7 Rf8 28. Bd4 Bg8 29. Bg7 Rxf2 30. c8=Q Bxh7 31. Bd4 Ra2 32. Qb8+ Kd5
33. Qxa7 Kxd4 34. Qa4+ Ke5 35. Qb5+ Kf4 36. Qb4 Kf3 37. Qb3+ Nc3 38. a4 Re2+ 39.
Kf1 Re3 40. Qf7+ Bf5 41. Qxf5+ Kg3 42. Qf2+ 1-0

[Event "AUTO-INT-3882"]
[Site "http://www.queenalice.com/game.php?id=1838834"]
[Date "2024.6.18"]
[Round "1"]
[White "Erlofabr"]
[Black "edsonjob"]
[Result "1-0"]
[WhiteElo "1657"]
[BlackElo "1622"]

1. f4 c5 2. c4 Nc6 3. Nc3 e6 4. e3 Nf6 5. d4 d6 6. d5 exd5 7. cxd5 Ne7 8. Nf3 h6
9. e4 a6 10. e5 Nfxd5 11. Nxd5 Be6 12. Nf6+ gxf6 13. exd6 Nd5 14. f5 Bxf5 15.
Qxd5 Qxd6 16. Qxb7 Qe7+ 17. Qxe7+ Bxe7 18. h3 a5 19. Bb5+ Kf8 20. g4 Be4 21. O-O
Kg7 22. Nd2 Bd5 23. Rf5 Rab8 24. a4 Be6 25. Rf4 Kg6 26. h4 h5 27. g5 fxg5 28.
Re4 gxh4 29. Bd3 Bf5 30. Re3 Bg5 31. Bxf5+ Kxf5 32. Rf3+ Kg6 33. Nc4 Bxc1 34.
Ne5+ Kg7 35. Rxf7+ Kg8 36. Rxc1 Rh7 37. Rf5 Rxb2 38. Ng6 h3 39. Rcxc5 Rg2+ 40.
Kh1 Rd7 41. Rf1 Rxg6 42. Rc8+ Kh7 43. Rc5 Rdg7 44. Rxh5+ Rh6 45. Rxa5 Rg2 46.
Ra7+ Kg6 47. Raf7 Kh5 48. R7f5+ Kh4 49. a5 Rhg6 50. R5f4+ R6g4 51. Rxg4+ Kxg4
52. Ra1 Kg3 53. Ra3+ 1-0